000 00478nam a2200181Ia 4500
005 20230511125411.0
008 131103s9999 xx 000 0 und d
040 _aLoreto College
041 _aEnglish
082 _a823.91
_bHUX
100 _aBowering,Peter
245 _aAldous Huxley
_ba study of the major novels
_cPeter Bowering
260 _aLondon
_bAthlone press,
_c1968
300 _a242p
650 _aEnglish Fiction
850 _a823.91 HUX 23052
942 _cBK
999 _c18500
_d68979